000 00699nam a2200193 a 4500
001 000023857
005 20200930022523.0
008 110114s1996 mx r 000 0 spa d
040 _aDO-SdBNP
_bspa
_cBNPHU
082 _axxxxx
_bL581c
100 1 _aLeonard, Olen E.
_949078
245 1 3 _aEl cambio económico y social :
_ben cuatro comunidades del altiplano de bolivia /
_cOlen E. Leonard ; traducción Alberto Bonifaz Nuño.
260 _aMéxico, D. F. :
_bInstituto Indigenista Interamericano,
_c1996.
300 _axxii, 141 p. ;
_c19 cm.
490 1 _aAntropología social ;
_v3
700 1 _aBonifaz Nuño, Alberto,
_etr.
_949079
830 0 _aAntropología social ;
_n3
_949080
049 _aBNGR
999 _c23353
_d23353